| 000 | 00912nam a22002057a 4500 | ||
|---|---|---|---|
| 999 |
_c62373 _d62373 |
||
| 003 | Ge_BSU | ||
| 005 | 20241017163132.0 | ||
| 008 | 241017s1955 ge ||||| |||| 00| 0 geo d | ||
| 041 | _ageo | ||
| 080 | _a616-002.828 ჟ-99 | ||
| 100 |
_aჟღენტი, ვლ. _922357 |
||
| 245 |
_aადამიანის აქტინომიკოზი / _cვლ. ჟღენტი, ი. ტატიშვილი. |
||
| 264 |
_aთბილისი : _bსაქმედგამი, _c1955. |
||
| 300 |
_a216 გვ. : _bილ. ; _c22 სმ. |
||
| 504 | _aბიბლიოგრ: გვ. 191-214. | ||
| 653 | _aადამიანის აქტინომიკოზი | ||
| 700 |
_aტატიშვილი, ი. _eავტორი _93867 |
||
| 856 |
_uhttps://dspace.nplg.gov.ge/bitstream/1234/495735/1/Adamianis_Aqtinomikozi_1955.pdf _yელ. ვერსია |
||
| 942 |
_2udc _cBK |
||